• 首页
  • 本馆介绍
  • 公告通知
  • 最新文献
  • 馆藏检索
  • 电子资源
  • 读者导购
  • 参考咨询
  • 我的图书馆
  • 登录
  • 详细信息显示
  • 放入我的书架
  • 预约/预借图书
  • 作者相关作品
  • 分类相关作品
  • 丛书相关作品
  • 出版社相关作品

书目信息

  • 表格格式
  • 工作单格式
  • 卡片格式
题名:
摄影光学
    
 
作者: 盛尔镇 译
分册:  
出版信息: 上海   科学技术出版社  1956
页数: 226页
开本: 20cm
丛书名:
单 册:
中图分类: TB811
科图分类:
主题词: 摄影--理论
电子资源:
ISBN:
000 00510nam0 2200193 450
001 0661408992
005 20060725170512.51
010    @dCNY1.40
100    @a20060725d1956 km y0chiy0120 ea
101 0  @achi
102    @aCN@b310000
200 1  @a摄影光学@Ashe ying guang xue@f盛尔镇 译@Fsheng er zhen yi
210    @a上海@c科学技术出版社@d1956
215    @a226页@d20cm
606 0  @a摄影@x理论
690    @aTB811@v3
701  0 @a盛尔镇@Asheng er zhen@4译
801  0 @aCN@bPFT@c20060725
905    @a10447@dTB811@e115
    
    摄影光学/盛尔镇 译.-上海:科学技术出版社,1956
    226页;20cm
    
    
    ISBN :CNY1.40
    
●
相关链接 在E读中查询图书 在五车中查询图书 在当当中查询图书 在豆瓣中查询图书


正题名:摄影光学     索取号:TB811/115         预约/预借

序号 登录号 条形码 馆藏地/架位号 状态 备注
1 0438425   204384255   密集书库/ [索取号:TB811/115] 在馆    
唐山师范学院图书馆 欢迎您!
大连网信软件有限公司© 版权所有